El Imperio Romano.
Organización político-social de los romanos. Pensadores y filósofos: Cicerón, Julio César. Expansionismo y carrera política de César. La República y las guerras internas. La "Pax" Romana y Augusto. La lucha contra los bárbaros.
Guardado en:
| Formato: | |
|---|---|
| Series: | La Tradición de Occidente
|
| Materias: | |
| Etiquetas: |
Agregar Etiqueta
Sin Etiquetas, Sea el primero en etiquetar este registro!
|
| LEADER | 01073ngm a22003015g 4500 | ||
|---|---|---|---|
| 001 | CEM.cems021619 | ||
| 008 | 130507b1993##################0###0#####d | ||
| 005 | 20240830160834.0 | ||
| 245 | 0 | 0 | |a El Imperio Romano. |
| 300 | |a 26 | ||
| 490 | 0 | |a La Tradición de Occidente | |
| 500 | |a En soporte VHS, consultar en ventanilla. | ||
| 520 | |a Organización político-social de los romanos. Pensadores y filósofos: Cicerón, Julio César. Expansionismo y carrera política de César. La República y las guerras internas. La "Pax" Romana y Augusto. La lucha contra los bárbaros. | ||
| 538 | |a Soporte: VHS - Norma: Pal N - Color - Grabación DRD 1993 - Hitachi=2453 | ||
| 082 | 5 | 7 | |. 7/HUE-2 |
| 653 | |a HISTORIA | ||
| 653 | |a ROMA | ||
| 653 | |a SOCIOLOGIA | ||
| 653 | |a JULIO CESAR | ||
| 653 | |a ROMA-HISTORIA | ||
| 653 | |a EUROPA-HISTORIA | ||
| 653 | |a IMPERIO ROMANO | ||
| 653 | |a CICERON | ||
| 653 | |a AUGUSTO | ||
| 653 | |a POLITICA | ||
| 653 | |a GUERRAS | ||
| 653 | |a NIVEL SECUNDARIO | ||
| 859 | |a CEMS |b BIB. CEMS - Depto. Recursos Didacticos |h 572.7 |i HUE-2 |k DRD |p 262.12 |t Ej.1 | ||
